| 000 | 00000nam##2200000za#4500 |
| 001 | 9.686233 |
| 003 | CaOODSP |
| 005 | 20210624230436 |
| 007 | cr ||||||||||| |
| 008 | 150407|1997||||xxc|||||o f|0| 0 eng|d |
| 020 | |a0-662-30870-0 |
| 040 | |aCaOODSP|beng |
| 043 | |an-cn--- |
| 086 | 1 |aE2-410/1997E-IN |
| 110 | 1 |aCanada.|bForeign Affairs and International Trade. |bCanadian Centre for Foreign Policy Development. |
| 245 | 10|aAsia-Pacific: questions and answers : |h[electronic resource]|bdiscussion paper / |c[by] John Hay. |
| 260 | |aOttawa - Ontario : |bForeign Affairs and International Trade. |c1997. |
| 300 | |a11p. |
| 590 | |a10-09-Supp|b2010-11-02 |
| 690 | 07|aInternational markets|2gcpds |
| 690 | 07|aTrade agreements|2gcpds |
| 690 | 07|aTrade policy|2gcpds |
| 720 | 1 |aHay, John B. |
| 776 | 0#|tAsia-Pacific: questions and answers : |w(CaOODSP)9.648267 |
| 856 | 40|ahttp://publications.gc.ca|qPDF|s80 KB|uhttps://publications.gc.ca/collections/Collection/E2-410-1997E.pdf |
| 986 | |a5001.2E |